000 01222nam a2200253Ia 4500
999 _c5077
_d5077
003 OSt
005 20200514132117.0
008 191128s1999 ck a gr 000 0 spa d
040 _aCO-JMCR
_cCO-JMCR
041 0 _aspa
082 0 4 _a307.760151 /
_bC257d
_223
100 1 _aSánchez Torres, Fabio,
_eautor
_91707
245 1 2 _aA dynamic analysis of household decision making in urban Colombia, 1976-1998 /
_cFabio Sánchez Torres, Jairo Núñez Méndez
260 _aBogotá :
_bUniversidad de los Andes. Centro de estudios sobre desarrollo económico,
_c1999
300 _a44 páginas :
_b ilustraciones en blanco y negro tablas ;
_c28 cm.
490 _aDocumento CEDE;
_v99-15
520 _aEl centro de estudios sobre desarrollo económico CEDE de la facultad de economía de la Universidad de los Andes, se fundó en 1958 con el objetivo de realizar investigaciones económicas tanto teóricas como empíricas.
650 1 4 _aCapital humano
_y1976-1998
_zColombia
_94358
650 2 4 _aMano de obra
_y1976-1998
_zColombia
_94359
650 2 4 _aEducación
_y1976-1998
_zColombia
_94360
650 2 4 _aTrabajo de la mujer
_y1976-1998
_zColombia
_94361
700 1 _aNúñez Méndez, Jairo,
_eautor
_93628
942 _2ddc
_cBK